000
00319nam a2200121Ia 4500
008
190216s9999||||xx |||||||||||||| ||und||
100
_a
John R Stockton And Charls T Clark
245
0
_a
Introduction To Business And Economic Ststistics
260
_b
Sahitya Bhawan
300
_a
671p
650
_a
Economics
942
_c
BK
999
_c
9427
_d
9427